00513nam a22001457a 4500008004100000020001500041050002500056245012600081260004600207300002300253440003000276500002000306800002000326800002100346161123b xxu||||| |||| 00| 0 eng d a0198258828 aKZ21.B7(1995 vol.66) aThe British year book of international law 1995: Sixty sixth year of issue. /cedited by Ian Brownlie and James Crawford. aLondon :bOxford University Press,c1996. axi, 762p. :c24cm. pBritish yearbook.vvol.66 aIncludes index. aBrownlie, Ian.  aCrawford, James.